000 00885nam a2200241 a 4500
001 000033686
003 DO-SdBNP
005 20250604131229.0
008 110905s1983 dr 000 0 spa d
040 _aDO-SdBNP
_bspa
_cBNPHU
049 _aBNPD
082 _aR 331.70012
_bD545n
245 0 0 _aDiccionario nacional de ocupaciones de la República Dominicana.
260 _aSanto Domingo :
_bDirección General de Empleo y Recursos Humanos,
_c1983.
300 _a870 p. ;
_c21 cm.
500 _aA la cabeza del título : Gobierno de Concentración Nacional, República Dominicana, Secretaría de Estado de Trabajo
500 _aIncluye índice
650 4 _aEmpleo
_xClasificación
_936136
650 0 _aMercado de trabajo
_zRepública Dominicana
_919058
650 4 _aEmpleos
_vDiccionarios
_xEspañol
_959141
910 _aValidado. Control de calidad MFF
942 _2ddc
_cLBS1
999 _c33177
_d33177